000 00276nam a22001097a 4500
040 _cSCME
100 _aPost, Scott
_9122594
245 _aApplied and Computational Fluid Mechanics
260 _aSudbury, Mass.
_bJones and Bartlett
_c2011
300 _a524 p
942 _2ddc
_cBK
999 _c609052
_d609052